000 01170nam a22003137a 4500
001 5550
003 FISKH
005 20241217123841.0
008 241217b cb ||||| |||| 00| 0 eng d
020 _a9780516234786
040 _aFISKH
_beng
_cFISKH
_dFISKH
050 _aTJ808.2
082 _a333.8
100 _aMiller, Kimberly M.
245 _aWhat if we run out of fossil fuels? /
_cby Kimberly M. Miller
260 _aNew York :
_bChildren's Press ;
_c2002.
300 _a48 pages :
_bcolor illustrations ;
_c22 cm .
490 _aHigh interest books: what if?
505 _aU
520 _aExamines mankind's dependence on fossil fuels through scenarios that describe life without such items as oil heaters and gasoline powered cars, and describes alternative energy sources and other ways to prepare for this possible future.
521 8 _a820
_bLexile
521 8 _aU
_bRaz-Plus
650 _aRenewable energy sources
_vJuvenile literature
650 _aFossil fuels
_vJuvenile literature
650 _aPower sources
_vJuvenile literature
700 _aDeLisio, Michael
_eBook designer
942 _2ddc
_cBK
_n0
999 _c5550
_d5550